书目信息 |
| 题名: |
住宅经济学
|
|
| 作者: | 张泓铭 著 | |
| 分册: | ||
| 出版信息: | 上海 上海财经大学出版社 1998.12 |
|
| 页数: | 460页 | |
| 开本: | 32开 | |
| 丛书名: | ||
| 单 册: | ||
| 中图分类: | F293.3 | |
| 科图分类: | ||
| 主题词: | 城市经济 , 市政经济 | |
| 电子资源: | ||
| ISBN: | 7-81049-262-4 | |
| 000 | 00542nam0 2200193 45 | |
| 001 | 0103201004 | |
| 005 | 20061213154707.23 | |
| 010 | @a7-81049-262-4@d23.00元 | |
| 100 | @a20010320d1998 km y0chiy0120 ea | |
| 101 | 0 | @achi |
| 200 | 1 | @a住宅经济学@AZhu Zhai Jing Ji Xue@f张泓铭等著@FZhang Hong Ming Deng Zhu |
| 210 | @a上海@c上海财经大学出版社@d1998.12 | |
| 215 | @a460页@d32开 | |
| 606 | 0 | @a城市经济 |
| 606 | 0 | @a市政经济 |
| 690 | @aF293.3@v3 | |
| 701 | 0 | @a张泓铭@4著 |
| 801 | @aCN@bPftUser@c20061213 | |
| 905 | @b330798-800@dF293.3@eZH528@f3 | |
| 住宅经济学/张泓铭等著.-上海:上海财经大学出版社,1998.12 |
| 460页;32开 |
| ISBN 7-81049-262-4:23.00元 |
| ● |
| 相关链接 |
|
|
|
正题名:住宅经济学
索取号:F293.3/ZH528
 
预约/预借
| 序号 | 登录号 | 条形码 | 馆藏地/架位号 | 状态 | 备注 |
| 1 | 330798 | 203307983 | 社科二线400B/400B社科库 32排3列6层/ [索取号:F293.3/ZH528] | 在馆 | |
| 2 | 330799 | 203307992 | 社科库409/409社科库 106排1列4层/ [索取号:F293.3/ZH528] | 在馆 | |
| 3 | 330800 | 203308009 | 社科库409/409社科库 106排1列4层/ [索取号:F293.3/ZH528] | 在馆 | |
| 4 | 444126 | 204441265 | 管理学院资料室/ [索取号:F293.3/ZH528] | 在馆 |